| 000 | 01439cam a2200433 4500 | ||
|---|---|---|---|
| 003 | PE-LiUPU | ||
| 005 | 20250731173123.0 | ||
| 020 | _a1878046136 | ||
| 035 | _a(Sirsi) i9781878046130 | ||
| 035 | _a(Sirsi) 26710 | ||
| 035 | _a(Sirsi) 26710 | ||
| 041 | _aen | ||
| 044 | _aus | ||
| 082 | 0 | 4 |
_a286.732 _bT97 |
| 100 | 1 |
_aTutsch, Cindy _91489 |
|
| 245 |
_aTeen : _bon the witness stand / _cCindy Tutsch. |
||
| 264 | 1 |
_aFallbrook, California : _bHart Reserch Center, _c1992 |
|
| 300 |
_a96 páginas : _bilustraciones ; _c21 cm. |
||
| 505 | 0 | _aForeword. Preface. Acknowledgments. Well, for starters, just start. Finding interests and giving Bible studies. Support groups. How else can teens witness?. The kids and I Philosophize. | |
| 521 | _aAlumnos de teología | ||
| 526 | _aSEG42 | ||
| 526 | _aSEG41 | ||
| 526 | _aSEG40 | ||
| 526 | _aSEG39 | ||
| 526 | _aP94 | ||
| 526 | _aP87 | ||
| 526 | _aP86 | ||
| 526 | _aP85 | ||
| 526 | _aP77 | ||
| 526 | _aP76 | ||
| 526 | _aP35 | ||
| 650 | 1 | 4 |
_aJóvenes adventistas _xTestimonios |
| 942 |
_2ddc _cBOOK |
||
| 949 |
_a286.732 T97 _i51078 _lCCODEBUL1 _mBUL _tLIBRO _o.STAFF. Colección General |
||
| 910 |
_aaj _bgl _cop _d20020214 |
||
| 596 | _a1 | ||
| 999 |
_a286.732 T97 _wDEWEY _c32770 _i51078 _f2021-11-11 _g6 _lCCODEBUL1 _mBUL _p10.00 _r0 _sY _tBOOK _u2015-6-24 _xTEOLOGIA _PP35 _0COMPRA _o.STAFF. Colección General _d32770 |
||
| 980 |
_81 _gALBERTO SANCHEZ Responsable de Automatización |
||